Escuelas para la esperanza : (Registro nro. 230228)

Detalles MARC
000 -LEADER
fixed length control field 02484nam a2200481Ii 4500
001 - CONTROL NUMBER
control field DIGMOR0019
003 - CONTROL NUMBER IDENTIFIER
control field NyNyDIG
008 - FIXED-LENGTH DATA ELEMENTS--GENERAL INFORMATION
fixed length control field 140601s2007 sp ob 001 0 spa d
006 - FIXED-LENGTH DATA ELEMENTS--ADDITIONAL MATERIAL CHARACTERISTICS
fixed length control field m o d
007 - PHYSICAL DESCRIPTION FIXED FIELD--GENERAL INFORMATION
fixed length control field cr |||||||||||
020 ## - INTERNATIONAL STANDARD BOOK NUMBER
International Standard Book Number 9788471125965
Qualifying information (eBook)
020 ## - INTERNATIONAL STANDARD BOOK NUMBER
Canceled/invalid ISBN 9788471125088
020 ## - INTERNATIONAL STANDARD BOOK NUMBER
Canceled/invalid ISBN 8471125080
035 ## - SYSTEM CONTROL NUMBER
System control number (OCoLC)891306095
041 1# - LANGUAGE CODE
Language code of text/sound track or separate title spa
Language code of original eng
040 ## - CATALOGING SOURCE
Original cataloging agency DGITA
Language of cataloging eng
Description conventions rda
-- pn
Transcribing agency DGITA
050 14 - LIBRARY OF CONGRESS CALL NUMBER
Classification number LB2822.84.G7 eBook
100 1# - MAIN ENTRY--PERSONAL NAME
Personal name Wrigley, Terry,
Relator term author.
240 10 - UNIFORM TITLE
Uniform title Schools of hope.
Language of a work Spanish
245 10 - TITLE STATEMENT
Title Escuelas para la esperanza :
Remainder of title una nueva agenda hacia la renovación /
Statement of responsibility, etc. por Terry Wrigley ; traducción de Tomás del Amo, Ma. del Carmen Blanco.
264 #1 - PRODUCTION, PUBLICATION, DISTRIBUTION, MANUFACTURE, AND COPYRIGHT NOTICE
Place of production, publication, distribution, manufacture Madrid :
Name of producer, publisher, distributor, manufacturer Ediciones Morata,
Date of production, publication, distribution, manufacture, or copyright notice 2007.
300 ## - PHYSICAL DESCRIPTION
Extent 1 online resource (199 pages).
336 ## - CONTENT TYPE
Content type term text
Content type code txt
Source rdacontent
337 ## - MEDIA TYPE
Media type term computer
Media type code c
Source rdamedia
338 ## - CARRIER TYPE
Carrier type term online resource
Carrier type code cr
Source rdacarrier
490 1# - SERIES STATEMENT
Series statement Colección Pedagogía. Manuales
500 ## - GENERAL NOTE
General note Translation of: Schools of hope: a new agenda for school improvement. Stoke-on-Trent : Trentham, 2003.
504 ## - BIBLIOGRAPHY, ETC. NOTE
Bibliography, etc. note Includes bibliographical references (pages [181]-193) and index.
505 0# - FORMATTED CONTENTS NOTE
Formatted contents note I. La eficacia escolar: El problema del reduccionismo -- II. La mejora de la escuela: ¿Adónde vamos desde aquí? -- III. Compromiso o vigilancia: La ecología del cambio -- IV. ¿La mejora de quíen? ¿Las escuelas de quién? -- V. Elevar las expectativas: Repensar la "inteligencia" -- VI. Currículum, clase y cultura -- VII. Pedagogías para mejorar las escuelas -- VIII. Escuelas para los ciudadanos -- IX. Comunidades de aprendizaje -- X. ¿Justicia social o un discurso del déficit? -- XI. Escuelas para un futuro.
588 0# - SOURCE OF DESCRIPTION NOTE
Source of description note Online resource; title from ePub and PDF title page (Digitalia, viewed June 2, 2014)
650 #0 - SUBJECT ADDED ENTRY--TOPICAL TERM
Topical term or geographic name entry element School improvement programs.
650 #0 - SUBJECT ADDED ENTRY--TOPICAL TERM
Topical term or geographic name entry element Education
General subdivision Aims and objectives.
655 #0 - INDEX TERM--GENRE/FORM
Genre/form data or focus term Electronic books.
700 1# - ADDED ENTRY--PERSONAL NAME
Personal name Amo, Tomás del,
Relator term translator.
700 1# - ADDED ENTRY--PERSONAL NAME
Personal name Blanco, M. Carmen,
Relator term translator.
776 08 - ADDITIONAL PHYSICAL FORM ENTRY
Relationship information Print version:
Main entry heading Wrigley, Terry.
Title Escuelas para la esperanza.
Place, publisher, and date of publication Madrid : Ediciones Morata, c2007
International Standard Book Number 9788471125088
Record control number (OCoLC)433472030
793 0# -
-- Digitalia eBook Collection:
-- Ediciones Morata.
791 2# -
-- Digitalia (Firm)
-- publisher.
830 #0 - SERIES ADDED ENTRY--UNIFORM TITLE
Uniform title Colección Pedagogía (Ediciones Morata).
Name of part/section of a work Manuales.
856 40 - ELECTRONIC LOCATION AND ACCESS
Materials specified Digitalia Hispánica
Uniform Resource Identifier <a href="https://www.digitaliapublishing.com/a/1454/">https://www.digitaliapublishing.com/a/1454/</a>
910 ## - USER-OPTION DATA (OCLC)
User-option data Premium Collection: 2013
942 ## - ADDED ENTRY ELEMENTS (KOHA)
Koha item type Recurso Electrónico
Existencias
Withdrawn status Lost status Damaged status Not for loan Collection Home library Current library Date acquired Total checkouts Date last seen Price effective from Koha item type
        Digitalia Ebooks Hispanica Biblioteca Digital UIN Biblioteca Digital UIN 04/25/2025   04/25/2025 04/25/2025 Recurso Electrónico

CONTACTO


NOSOTROS


SITIOS DE INTERES

coordinacion.biblioteca.biblioteca@unienlinea.mx Misión, Visión y Objetivos Bases de datos
Directorio Bibliotecas Digitales y Repositorios
Normatividad Revistas y artículos
Convenios interbibliotecarios
Boletines



Hecho en México. Universidad Insurgentes (UIN). Todos los derechos reservados 2024. Esta página y sus contenidos pueden ser reproducidos con fines no lucrativos, siempre y cuando no se mutile, se cite la fuente completa y su dirección electrónicas. De otra forma requiere permiso previo por escrito de la institución




2024 Copyright Universidad Insurgentes | www.bibliouin.com.mx